Normal view
MARC view
- Supervisor: Dr. Naukhez Sarwar
Entry Personal Name
001 - CONTROL NUMBER
- control field: 123755
003 - CONTROL NUMBER IDENTIFIER
- control field: NUST
005 - DATE AND TIME OF LATEST TRANSACTION
- control field: 20240624154508.0
008 - FIXED-LENGTH DATA ELEMENTS
- fixed length control field: 240624|| aca||aabn | a|a d
040 ## - CATALOGING SOURCE
- Original cataloging agency: NUST
- Transcribing agency: NUST
100 ## - HEADING--PERSONAL NAME
- Personal name: Supervisor: Dr. Naukhez Sarwar
670 ## - SOURCE DATA FOUND
- Source citation: Work cat.: (NUST): Malik, Ambreen 123753, A COGNITIVE-APPRAISAL BASED MODEL OF CHANGE RECIPIENTS’ BEHAVIORAL RESPONSES TO A MAJOR ORGANIZATIONAL CHANGE/
